000
00325nam a2200133Ia 4500
008
240624s9999 xx 000 0 und d
041
_a
eng
082
_a
413 ROO
100
_a
ROONEY KATHY
245
_a
ENCARTA CONCISE ENGLISH DICTIONARY
260
_c
2001
_a
London
_b
Bloomsbury
300
_a
xxxvi, : 1687 : cms ; 24
365
_c
RS
999
_c
1
_d
1